Arbeiten zur Informationstheorie 4 /

Salvato in:
Dettagli Bibliografici
Autore principale: Dobruschin, R.L (Autore)
Altri autori: Matthes, A (Traduttore)
Natura: Libro
Lingua:tedesco
Pubblicazione: Berlin, 1963
Tags: Aggiungi Tag
Nessun Tag, puoi essere il primo ad aggiungerne!!

MARC

LEADER 00000nam a22000003a 4500
001 stu35591
005 20150617225730.7
008 920429s1963----gw------------------ger-d
040 |a STU  |b slo 
041 0 |a ger 
044 |a gw 
100 1 |a Dobruschin, R.L  |4 aut 
245 1 |a Arbeiten zur Informationstheorie 4 /  |c [aut.]R.L. Dobruschin; Z rus. A. Matthes 
260 |a Berlin,  |c 1963 
300 |a 102 s 
700 1 |a Matthes, A  |4 trl 
996 |b 284M012684  |c M*5485/4-1  |l MMKN  |s A  |a 24  |w stu35591_0001